| 000 | 00858nam a2200253Ia 4500 | ||
|---|---|---|---|
| 003 | OSt | ||
| 005 | 20220923211631.0 | ||
| 006 | a|||||r|||| 00| 0 | ||
| 007 | ta | ||
| 008 | 220922b |||||||| |||| 00| 0 hin d | ||
| 024 | _a34,792 | ||
| 037 | _cTextual | ||
| 040 |
_aARTS _cARTS _bhin |
||
| 041 |
_2hin _ahin |
||
| 082 | _aO15,3D60:g, 152K7 | ||
| 100 | _aपाण्डेय, अमरनाथ | ||
| 245 | 0 | _aबाणभट्ट का आदान - प्रदान | |
| 246 | _aBāṇabhaṭṭa kā ādān - pradāna | ||
| 260 |
_aवाराणसी _b शब्दलोक प्रकाशन _c1967 |
||
| 300 |
_a131पृ. _ccm. |
||
| 650 |
_aहिन्दी साहित्य _9156264 |
||
| 942 |
_hO15,3D60:g, 152K7 _cTEXL _2CC |
||
| 999 |
_c301792 _d301792 |
||